000 00728nam a22002057a 4500
999 _c17219
_d17219
003 AR-CdUCM
008 190507b ||||| |||| 00| 0 spa d
040 _aMUNICIPALIDAD PROVINCIAL DEL CUSCO
_cBIBLIOTECA MUNICIPAL DEL CUSCO
082 _a301.21 /
_bR84
100 _aRoisinski, Herbert
_937101
245 _aEl poder y el destino humano /
260 _aBuenos Aires :
_bPaidos,
_c1967.
300 _a282 páginas ;
_c18 cm.
505 _aLa significación del poder -- El poder en la civilizaciones agricolas -- La irrupción en la era moderna -- En poder en la civilizaciones industriales.
650 _aPoder.
_94273
650 _aDesarrollo.
_92021
650 _aPolítica
_9291
942 _2ddc
_cLIBROS
945 _awfj